[Event "FRA-chT"]
[Site "FRA"]
[Date "1998.04.03"]
[Round "5"]
[White "Hauchard, Arnaud"]
[Black "Salaun, Yann"]
[Result "1/2-1/2"]
[WhiteElo "2480"]
[BlackElo "2360"]
[PlyCount "88"]
[EventDate "1998.02.06"]
[Source "ChesBase"]
[SourceDate "1998.07.07"]

1. c4 e6 2. g3 d5 3. Bg2 c5 4. Nf3 Nc6 5. O-O Nf6 6. b3 Be7 7. e3 O-O 8. Qe2 b6
9. Bb2 Bb7 10. d3 Qc7 11. Nc3 a6 12. Rfd1 Rad8 13. Rac1 d4 14. exd4 Nxd4 15.
Nxd4 cxd4 16. Ne4 Bxe4 17. Bxe4 a5 18. Bg2 Bc5 19. a3 Qd6 20. Ra1 Nd7 21. Rdb1
e5 22. Bc1 Rde8 23. Qe1 Qg6 24. b4 Bd6 25. Qe4 Qxe4 26. Bxe4 Nf6 27. Bc6 Rc8
28. Bg2 e4 29. Bg5 exd3 30. Bxf6 gxf6 31. Bd5 Rfe8 32. bxa5 bxa5 33. Rd1 Rb8
34. Rxd3 Rb2 35. Rxd4 Ree2 36. Bf3 Rxf2 37. Rxd6 Rxf3 38. Rf1 Rxa3 39. Rf2 Ra1+
40. Kg2 Rxf2+ 41. Kxf2 a4 42. Rd8+ Kg7 43. Ra8 a3 44. Kg2 a2 1/2-1/2

[Event "FRA-chT"]
[Site "FRA"]
[Date "1998.04.03"]
[Round "5"]
[White "Hebden, Mark"]
[Black "Lazarev, Vladimir"]
[Result "1-0"]
[WhiteElo "2585"]
[BlackElo "2490"]
[PlyCount "49"]
[EventDate "1998.02.06"]
[Source "ChesBase"]
[SourceDate "1998.07.07"]

1. d4 Nf6 2. Nf3 c5 3. d5 d6 4. Nc3 g6 5. e4 Bg7 6. Be2 O-O 7. O-O Na6 8. Nd2
Nc7 9. a4 e6 10. Nc4 Nxe4 11. Nxe4 exd5 12. Nexd6 dxc4 13. c3 b6 14. Nxc8 Qxc8
15. Bxc4 Qf5 16. Qd3 Qxd3 17. Bxd3 Rfe8 18. Bg5 h6 19. Bf4 Nd5 20. Bd2 h5 21.
Rfd1 Be5 22. Bb5 Red8 23. Bg5 Rd6 24. Bc4 Nf4 25. Re1 1-0

[Event "FRA-chT"]
[Site "FRA"]
[Date "1998.04.03"]
[Round "5"]
[White "Kappler, Jean Marie"]
[Black "Wohlers Armas, Rike"]
[Result "1-0"]
[WhiteElo "2255"]
[BlackElo "2205"]
[PlyCount "67"]
[EventDate "1998.02.06"]
[Source "ChesBase"]
[SourceDate "1998.07.07"]

1. d4 Nf6 2. c4 c5 3. d5 e6 4. Nc3 exd5 5. cxd5 d6 6. e4 g6 7. Bd3 Bg7 8. Nge2
O-O 9. O-O a6 10. a4 Nbd7 11. Ng3 Rb8 12. f4 Qc7 13. Qe2 Re8 14. Be3 Nb6 15.
Kh1 Ng4 16. a5 Na8 17. e5 Nxe3 18. Qxe3 dxe5 19. f5 c4 20. Bc2 b5 21. b4 Bb7
22. Nge4 Qd8 23. Ng5 f6 24. Ne6 Rxe6 25. dxe6 Qd4 26. Qg3 g5 27. Rad1 Qh4 28.
Rd2 Bf8 29. Rfd1 Qf4 30. Qxf4 gxf4 31. Rd8 Rxd8 32. Rxd8 Kg7 33. Rd7+ Kh6 34.
Rxb7 1-0

[Event "FRA-chT"]
[Site "FRA"]
[Date "1998.04.03"]
[Round "5"]
[White "Kelly, Bryan"]
[Black "Kosten, Anthony C"]
[Result "1/2-1/2"]
[WhiteElo "2390"]
[BlackElo "2535"]
[PlyCount "58"]
[EventDate "1998.02.06"]
[Source "ChesBase"]
[SourceDate "1998.07.07"]

1. d4 Nf6 2. c4 e6 3. Nc3 Bb4 4. Qc2 O-O 5. a3 Bxc3+ 6. Qxc3 Ne4 7. Qc2 f5 8.
Nh3 d6 9. f3 Nf6 10. e3 e5 11. d5 c6 12. dxc6 Nxc6 13. Be2 f4 14. Nf2 Nh5 15.
O-O Qh4 16. Rd1 Rf6 17. c5 dxc5 18. Qxc5 Bf5 19. Bb5 Rg6 20. Bxc6 bxc6 21. exf4
Nxf4 22. Bxf4 Qxf4 23. Rd6 Rxd6 24. Qxd6 Qd4 25. Rd1 Qxd6 26. Rxd6 Rb8 27. g4
Bg6 28. b4 Rc8 29. Rd7 a5 1/2-1/2

[Event "FRA-chT"]
[Site "FRA"]
[Date "1998.04.03"]
[Round "5"]
[White "Letreguilly, Olivier"]
[Black "Gueneau, Christophe"]
[Result "1/2-1/2"]
[WhiteElo "2240"]
[BlackElo "2175"]
[PlyCount "59"]
[EventDate "1998.02.06"]
[Source "ChesBase"]
[SourceDate "1998.07.07"]

1. d4 e6 2. c4 d5 3. Nc3 Nf6 4. cxd5 exd5 5. Bg5 Be7 6. e3 O-O 7. Bd3 Nbd7 8.
Nge2 Re8 9. O-O c6 10. Qc2 Nf8 11. Rae1 h6 12. Bh4 Bd7 13. f3 Rc8 14. Qd2 Qa5
15. Rd1 Qd8 16. a3 a5 17. Bb1 b5 18. Rc1 Qb6 19. Kh1 Red8 20. Bd3 Ne6 21. Qc2
Re8 22. Bf5 g5 23. Bxe6 Bxe6 24. Bf2 c5 25. e4 dxe4 26. fxe4 Ng4 27. d5 Bd7 28.
Bg1 b4 29. Nd1 Qg6 30. Ng3 1/2-1/2

[Event "FRA-chT"]
[Site "FRA"]
[Date "1998.04.03"]
[Round "5"]
[White "Magem Badals, Jorge"]
[Black "Vaisser, Anatoli"]
[Result "1/2-1/2"]
[WhiteElo "2535"]
[BlackElo "2595"]
[PlyCount "63"]
[EventDate "1998.02.06"]
[Source "ChesBase"]
[SourceDate "1998.07.07"]

1. e4 c5 2. Nf3 Nc6 3. d4 cxd4 4. Nxd4 Nf6 5. Nc3 e6 6. Ndb5 d6 7. Bf4 e5 8.
Bg5 a6 9. Na3 b5 10. Nd5 Be7 11. Bxf6 Bxf6 12. c3 Bg5 13. Nc2 O-O 14. a4 bxa4
15. Rxa4 a5 16. Bc4 Rb8 17. b3 Kh8 18. O-O g6 19. b4 Bd7 20. Qa1 Qc8 21. b5 Ne7
22. Na3 Nxd5 23. Bxd5 Bxb5 24. Nxb5 Rxb5 25. c4 Rb8 26. Rxa5 Bd8 27. Rb5 Bb6
28. Rfb1 Qc7 29. Qa6 Bd4 30. Rxb8 Rxb8 31. Rxb8+ Qxb8 32. Qa8 1/2-1/2

[Event "FRA-chT"]
[Site "FRA"]
[Date "1998.04.03"]
[Round "5"]
[White "Neuillet, Alexandre"]
[Black "Prie, Eric"]
[Result "1/2-1/2"]
[WhiteElo "2245"]
[BlackElo "2470"]
[PlyCount "68"]
[EventDate "1998.02.06"]
[Source "ChesBase"]
[SourceDate "1998.07.07"]

1. d4 d5 2. Nf3 Nf6 3. c4 c6 4. Nc3 a6 5. e3 b5 6. cxd5 cxd5 7. Bd3 e6 8. O-O
Nbd7 9. a3 Bb7 10. Ne5 Bd6 11. f4 Ne4 12. Bd2 O-O 13. Be1 Nb6 14. Qg4 Qe7 15.
f5 exf5 16. Qxf5 g6 17. Qf3 f6 18. Ng4 f5 19. Nf2 Nxc3 20. Bxc3 Na4 21. Nd1 f4
22. Bd2 fxe3 23. Qxe3 Rxf1+ 24. Bxf1 Qf7 25. b3 Nb6 26. Nf2 Re8 27. Ng4 Kh8 28.
Ne5 Qg7 29. Re1 Kg8 30. Qc3 Nd7 31. Nxd7 Qxd7 32. Rxe8+ Qxe8 33. b4 Bc8 34. Qf3
Qf7 1/2-1/2

[Event "FRA-chT"]
[Site "FRA"]
[Date "1998.04.03"]
[Round "5"]
[White "Ochoa de Echaguen, F Javier"]
[Black "Solozhenkin, Evgeniy"]
[Result "1/2-1/2"]
[WhiteElo "2440"]
[BlackElo "2500"]
[PlyCount "23"]
[EventDate "1998.02.06"]
[Source "ChesBase"]
[SourceDate "1998.07.07"]

1. e4 Nf6 2. Nc3 d5 3. e5 d4 4. exf6 dxc3 5. fxg7 cxd2+ 6. Qxd2 Qxd2+ 7. Bxd2
Bxg7 8. O-O-O Nc6 9. Ne2 Bd7 10. Bc3 Bxc3 11. Nxc3 O-O-O 12. Be2 1/2-1/2

[Event "FRA-chT"]
[Site "FRA"]
[Date "1998.04.03"]
[Round "5"]
[White "Parr, Erik"]
[Black "Roser, Kevin"]
[Result "1/2-1/2"]
[WhiteElo "2285"]
[BlackElo "2255"]
[PlyCount "82"]
[EventDate "1998.02.06"]
[Source "ChesBase"]
[SourceDate "1998.07.07"]

1. e4 c5 2. Nf3 Nc6 3. d4 cxd4 4. Nxd4 Nf6 5. Nc3 d6 6. Be2 e6 7. O-O Be7 8.
Kh1 Bd7 9. f4 O-O 10. Nb3 a6 11. g4 Bc8 12. g5 Nd7 13. Bd3 g6 14. h4 f6 15. Qg4
Rf7 16. Be3 Nf8 17. a4 b6 18. Rad1 Nb4 19. Kh2 Qc7 20. Qg3 d5 21. e5 fxe5 22.
fxe5 Rxf1 23. Rxf1 Nc6 24. Qf2 Qxe5+ 25. Bf4 Qg7 26. Qxb6 Bd7 27. Bxa6 Bd8 28.
Qb7 Ra7 29. Qb5 e5 30. Qxd5+ Kh8 31. Bb5 Be6 32. Bxe5 Nxe5 33. Rxf8+ Qxf8 34.
Qxe5+ Rg7 35. Qxe6 Bc7+ 36. Kg1 Qf4 37. Bc4 Qg3+ 38. Kf1 Qf3+ 39. Kg1 Qg3+ 40.
Kf1 Qf3+ 41. Kg1 Qg3+ 1/2-1/2

[Event "FRA-chT"]
[Site "FRA"]
[Date "1998.04.03"]
[Round "5"]
[White "Piquemal, Christianne"]
[Black "Mora, Virginie"]
[Result "1/2-1/2"]
[WhiteElo "2060"]
[BlackElo "2130"]
[PlyCount "34"]
[EventDate "1998.02.06"]
[Source "ChesBase"]
[SourceDate "1998.07.07"]

1. e4 c5 2. Nf3 d6 3. d4 cxd4 4. Nxd4 Nf6 5. Nc3 e6 6. Bg5 Be7 7. f4 Qb6 8. e5
dxe5 9. fxe5 Nd5 10. Nxd5 Qa5+ 11. Qd2 Qxd5 12. Nf3 Qxd2+ 13. Bxd2 O-O 14. Bd3
Bd7 15. Be4 Bc6 16. Bxc6 Nxc6 17. O-O-O Rad8 1/2-1/2

[Event "FRA-chT"]
[Site "FRA"]
[Date "1998.04.03"]
[Round "5"]
[White "Pira, Davoud"]
[Black "Relange, Eloi"]
[Result "1-0"]
[WhiteElo "2340"]
[BlackElo "2490"]
[PlyCount "67"]
[EventDate "1998.02.06"]
[Source "ChesBase"]
[SourceDate "1998.07.07"]

1. d4 Nf6 2. Nf3 g6 3. g3 Bg7 4. Bg2 O-O 5. O-O d6 6. Nc3 Nbd7 7. e4 e5 8. a4
c6 9. h3 Re8 10. Re1 Qc7 11. Be3 a6 12. a5 exd4 13. Bxd4 Ne5 14. Nxe5 dxe5 15.
Bb6 Qe7 16. Na4 Be6 17. Nc5 Nd7 18. Nxd7 Bxd7 19. Qd2 Be6 20. Rad1 Bf8 21. Qc3
f6 22. Re3 Qf7 23. Kh2 Be7 24. Red3 Qf8 25. Qd2 Bc5 26. Bxc5 Qxc5 27. Rd6 Re7
28. Bf1 Kh8 29. b4 Qa7 30. Qh6 Qxf2+ 31. Bg2 Bg8 32. R1d2 Qe1 33. Rxf6 Rg7 34.
Rf1 1-0

[Event "FRA-chT"]
[Site "FRA"]
[Date "1998.04.03"]
[Round "5"]
[White "Renet, Olivier"]
[Black "Marchand, Francois"]
[Result "1-0"]
[WhiteElo "2490"]
[BlackElo "2305"]
[PlyCount "73"]
[EventDate "1998.02.06"]
[Source "ChesBase"]
[SourceDate "1998.07.07"]

1. e4 c6 2. d4 d5 3. e5 Bf5 4. Nc3 Qb6 5. Bd3 Bxd3 6. Qxd3 e6 7. Nge2 Nd7 8.
O-O Ne7 9. a4 c5 10. a5 Qc6 11. a6 c4 12. Qh3 b5 13. Nd1 b4 14. Ne3 g6 15. Bd2
Qb5 16. c3 b3 17. g4 Bg7 18. Ng3 Bxe5 19. dxe5 Nxe5 20. f4 Nd3 21. f5 O-O-O 22.
fxe6 fxe6 23. Rf6 Qb6 24. g5 Nf5 25. Ngxf5 gxf5 26. Qh6 Rhe8 27. Qxh7 Rd7 28.
Qh5 Red8 29. Qh6 f4 30. Rxe6 Rd6 31. Rxd6 Rxd6 32. Qh3+ Kb8 33. Rf1 fxe3 34.
Rf8+ Rd8 35. Bxe3 d4 36. Rxd8+ Qxd8 37. Qh7 1-0

[Event "FRA-chT"]
[Site "FRA"]
[Date "1998.04.03"]
[Round "5"]
[White "Roos, Daniel"]
[Black "Gallagher, Joseph G"]
[Result "0-1"]
[WhiteElo "2430"]
[BlackElo "2490"]
[PlyCount "82"]
[EventDate "1998.02.06"]
[Source "ChesBase"]
[SourceDate "1998.07.07"]

1. Nf3 d6 2. d4 Nf6 3. c3 g6 4. Nbd2 Bg7 5. e4 O-O 6. Bd3 Nh5 7. O-O e5 8. Re1
Nc6 9. dxe5 Nxe5 10. Bf1 Qf6 11. Nxe5 dxe5 12. g3 Bh6 13. Qf3 Qe7 14. Nc4 Bxc1
15. Raxc1 Nf6 16. Ne3 c6 17. Rcd1 Kg7 18. Rd2 b5 19. Red1 Be6 20. c4 a6 21. h3
Rfd8 22. Ng4 Rxd2 23. Rxd2 Nxg4 24. hxg4 Qb4 25. Rc2 Rd8 26. g5 Qe7 27. cxb5
cxb5 28. Qf6+ Qxf6 29. gxf6+ Kxf6 30. Rc6 Rd2 31. Rxa6 Rxb2 32. Rb6 Rxa2 33.
Bh3 Rb2 34. Bxe6 fxe6 35. Rb7 h5 36. Kg2 b4 37. Kf3 b3 38. Kg2 Rb1 39. f3 g5
40. Kh2 h4 41. Kg2 b2 0-1

[Event "FRA-chT"]
[Site "FRA"]
[Date "1998.04.03"]
[Round "5"]
[White "Simon, Gerard"]
[Black "Desbones, Samy"]
[Result "0-1"]
[WhiteElo "2165"]
[BlackElo "2220"]
[PlyCount "82"]
[EventDate "1998.02.06"]
[Source "ChesBase"]
[SourceDate "1998.07.07"]

1. d4 Nf6 2. c4 g6 3. Nc3 Bg7 4. e4 O-O 5. f3 c6 6. Be3 d6 7. Qd2 e5 8. Rd1
Nbd7 9. dxe5 dxe5 10. Nh3 Re8 11. Be2 Qe7 12. O-O Nf8 13. Nf2 Ne6 14. a3 Rd8
15. Qc1 Nd4 16. b4 a5 17. Qb2 Be6 18. c5 Nd7 19. Rd2 axb4 20. axb4 b6 21. cxb6
Nxb6 22. Qb1 Ra3 23. Qc1 Qxb4 24. Bxd4 exd4 25. Nb1 Ra2 26. Nd3 Qd6 27. Rxa2
Bxa2 28. Qb2 Bxb1 29. Rxb1 Na4 30. Qb4 Qxb4 31. Rxb4 Nc3 32. Bf1 Bh6 33. f4
Nxe4 34. Rc4 Rd6 35. Be2 Bg7 36. Ne5 c5 37. Bd3 f5 38. Bxe4 fxe4 39. Rxc5 d3
40. Rc8+ Bf8 41. Rc1 e3 0-1

[Event "FRA-chT"]
[Site "FRA"]
[Date "1998.04.03"]
[Round "5"]
[White "Sokolov, Andrei"]
[Black "Dunnington, Angus J"]
[Result "1-0"]
[WhiteElo "2580"]
[BlackElo "2390"]
[PlyCount "57"]
[EventDate "1998.02.06"]
[Source "ChesBase"]
[SourceDate "1998.07.07"]

1. e4 c5 2. Nf3 d6 3. d4 cxd4 4. Nxd4 Nf6 5. Nc3 g6 6. Be3 Bg7 7. f3 O-O 8. Qd2
Nc6 9. O-O-O d5 10. exd5 Nxd5 11. Nxc6 bxc6 12. Bd4 Nxc3 13. Qxc3 Bh6+ 14. Be3
Bxe3+ 15. Qxe3 Qb6 16. Qxe7 Be6 17. Bd3 Qe3+ 18. Rd2 c5 19. Qh4 c4 20. Re1 Qc5
21. Rxe6 c3 22. bxc3 fxe6 23. Bc4 Qg1+ 24. Kb2 Qb6+ 25. Bb3 Kf7 26. Re2 Rae8
27. Qd4 Re7 28. h4 Qxd4 29. cxd4 1-0

[Event "FRA-chT"]
[Site "FRA"]
[Date "1998.04.03"]
[Round "5"]
[White "Sorin, Maxime"]
[Black "Werner, Isabel"]
[Result "1-0"]
[WhiteElo "2250"]
[BlackElo "2215"]
[PlyCount "53"]
[EventDate "1998.02.06"]
[Source "ChesBase"]
[SourceDate "1998.07.07"]

1. e4 c5 2. Nf3 d6 3. d4 Nf6 4. Nc3 cxd4 5. Nxd4 g6 6. Be3 Bg7 7. f3 O-O 8. Qd2
Nc6 9. Bc4 Bd7 10. O-O-O Ne5 11. Bb3 Rc8 12. Kb1 Nc4 13. Bxc4 Rxc4 14. g4 Qb8
15. h4 b5 16. h5 b4 17. Nd5 Nxd5 18. exd5 g5 19. h6 Be5 20. b3 Rc3 21. Bxg5 f6
22. Be3 Rfc8 23. Rc1 Kh8 24. Rhg1 Qb7 25. f4 Bxd4 26. Bxd4 Rf3 27. g5 1-0

[Event "FRA-chT"]
[Site "FRA"]
[Date "1998.04.03"]
[Round "5"]
[White "Tagnon, Nicole"]
[Black "Regan, Natasha"]
[Result "1-0"]
[WhiteElo "2080"]
[BlackElo "2160"]
[PlyCount "81"]
[EventDate "1998.02.06"]
[Source "ChesBase"]
[SourceDate "1998.07.07"]

1. e4 Nf6 2. e5 Nd5 3. d4 d6 4. Bc4 Nb6 5. Bb3 Bf5 6. Qf3 Qc8 7. exd6 cxd6 8.
Ne2 e6 9. Nbc3 Be7 10. h4 h5 11. Qg3 g6 12. Bf4 Qd7 13. a4 Nc8 14. a5 O-O 15.
O-O Na6 16. Bh6 Rd8 17. Nd1 Kh7 18. Bf4 Bf6 19. Bg5 Qe7 20. Ne3 Nc7 21. Nxf5
exf5 22. Bxf6 Qxf6 23. Qf3 d5 24. g3 Ne7 25. c3 Ne6 26. Rfe1 f4 27. Bc2 Nf5 28.
Nxf4 Nh6 29. Bxg6+ fxg6 30. Rxe6 Qf5 31. Re5 Qc2 32. Re7+ Kh8 33. Qd3 Qxd3 34.
Nxd3 b6 35. Ne5 Rd6 36. axb6 Rxb6 37. b4 a6 38. Rd7 Rc8 39. Ra3 Rf6 40. Rxd5
Nf5 41. Nxg6+ 1-0

[Event "FRA-chT"]
[Site "FRA"]
[Date "1998.04.03"]
[Round "5"]
[White "Verdier, Patrice"]
[Black "Delebarre, Xavier"]
[Result "1-0"]
[WhiteElo "2315"]
[BlackElo "2270"]
[PlyCount "51"]
[EventDate "1998.02.06"]
[Source "ChesBase"]
[SourceDate "1998.07.07"]

1. d4 c5 2. d5 d6 3. c4 g6 4. e4 Bg7 5. Nc3 Nf6 6. f4 O-O 7. Nf3 e6 8. Be2 exd5
9. cxd5 Bg4 10. O-O Re8 11. h3 Bxf3 12. Bxf3 Nbd7 13. g4 h6 14. h4 Nh7 15. g5
hxg5 16. hxg5 f6 17. Bg4 fxg5 18. Be6+ Kh8 19. f5 gxf5 20. exf5 Bxc3 21. bxc3
Rf8 22. Kg2 Ne5 23. Rh1 Qe8 24. Bxg5 Rf7 25. Rxh7+ Kxh7 26. Qh5+ 1-0

[Event "FRA-chT"]
[Site "FRA"]
[Date "1998.04.04"]
[Round "6"]
[White "Anic, Darko"]
[Black "Miralles, Gilles"]
[Result "0-1"]
[WhiteElo "2455"]
[BlackElo "2520"]
[PlyCount "83"]
[EventDate "1998.02.06"]
[Source "ChesBase"]
[SourceDate "1998.07.07"]

1. Nf3 d5 2. d4 c6 3. c4 Nf6 4. Nc3 dxc4 5. a4 Bf5 6. e3 e6 7. Bxc4 Bb4 8. O-O
Nbd7 9. Qe2 Bg6 10. e4 Bxc3 11. bxc3 Nxe4 12. Ba3 Qc7 13. Rfc1 O-O-O 14. a5 Kb8
15. Bd3 Nef6 16. c4 Bxd3 17. Qxd3 e5 18. Qb3 exd4 19. Nxd4 Ne4 20. f3 Nec5 21.
Qc3 Rhe8 22. Rcb1 Ka8 23. Re1 g6 24. Nc2 Rxe1+ 25. Rxe1 Ne6 26. Be7 Re8 27. Bh4
Ndc5 28. Bf2 Qd7 29. Qa3 Na6 30. Qe3 c5 31. Na3 Nac7 32. Qb3 Nd4 33. Rxe8+ Qxe8
34. Qd1 a6 35. Kf1 Nce6 36. Nb1 Qd8 37. Qd2 Nb3 38. Qxd8+ Nxd8 39. Be1 Nc6 40.
Nd2 Nbxa5 41. Nb3 Nxc4 42. Bc3 0-1

[Event "FRA-chT"]
[Site "FRA"]
[Date "1998.04.04"]
[Round "6"]
[White "Beikert, Guenther"]
[Black "Tissir, Mohamed"]
[Result "1-0"]
[WhiteElo "2495"]
[BlackElo "2300"]
[PlyCount "83"]
[EventDate "1998.02.06"]
[Source "ChesBase"]
[SourceDate "1998.07.07"]

1. c4 Nf6 2. g3 g6 3. Bg2 Bg7 4. Nc3 O-O 5. e4 e5 6. Nge2 Nc6 7. d3 d6 8. h3 a6
9. O-O Rb8 10. a4 Be6 11. Nd5 Bxd5 12. cxd5 Ne7 13. b4 c6 14. dxc6 bxc6 15. Rb1
a5 16. b5 cxb5 17. axb5 Nc6 18. Bd2 Na7 19. Qa4 Rb7 20. Nc3 Qd7 21. Rb3 Rfb8
22. Rfb1 Qd8 23. Be3 Nc8 24. b6 Ra8 25. Qb5 Qd7 26. Na4 Qxb5 27. Rxb5 Nd7 28.
Bf3 Bf6 29. Bg4 Nf8 30. Rc1 Ne6 31. Bxe6 fxe6 32. Rc7 Rab8 33. Rxa5 Ne7 34.
Rxb7 Rxb7 35. Ra8+ Kf7 36. Ra7 Rb8 37. Nc3 Ke8 38. Nb5 Nc8 39. Nc7+ Kf8 40. Ra8
Rxa8 41. Nxa8 Nxb6 42. Nxb6 1-0

[Event "FRA-chT"]
[Site "FRA"]
[Date "1998.04.04"]
[Round "6"]
[White "Belkhodja, Slim"]
[Black "Afek, Yochanan"]
[Result "1-0"]
[WhiteElo "2405"]
[BlackElo "2390"]
[PlyCount "85"]
[EventDate "1998.02.06"]
[Source "ChesBase"]
[SourceDate "1998.07.07"]

1. e4 c5 2. Nf3 g6 3. c3 Bg7 4. d4 cxd4 5. cxd4 d5 6. e5 Nc6 7. h3 e6 8. Nc3
Nge7 9. Bb5 Bd7 10. O-O O-O 11. Bxc6 Bxc6 12. Re1 a5 13. g4 b5 14. Ne2 b4 15.
Ng3 Bb5 16. Be3 Nc6 17. Qd2 f6 18. Bh6 fxe5 19. Nxe5 Nxe5 20. dxe5 Qh4 21. Bxg7
Kxg7 22. Kh2 Rf7 23. Rg1 Raf8 24. Rg2 Rf3 25. Qd4 Bd3 26. Rc1 Be4 27. Rc7+ Kh8
28. Ra7 R8f7 29. Rxf7 Rxf7 30. Nxe4 dxe4 31. Qxe4 Rxf2 32. Qa8+ Kg7 33. Qxa5
Rxg2+ 34. Kxg2 Qe1 35. Qa7+ Kh6 36. Qd4 Qe2+ 37. Kg3 Qe1+ 38. Qf2 Qxe5+ 39.
Qf4+ Qxf4+ 40. Kxf4 Kg7 41. a4 bxa3 42. bxa3 Kf6 43. g5+ 1-0

[Event "FRA-chT"]
[Site "FRA"]
[Date "1998.04.04"]
[Round "6"]
[White "Blachier, Pierre"]
[Black "Riff, Sebastien"]
[Result "0-1"]
[WhiteElo "2145"]
[BlackElo "2235"]
[PlyCount "81"]
[EventDate "1998.02.06"]
[Source "ChesBase"]
[SourceDate "1998.07.07"]

1. e4 c5 2. c3 d5 3. exd5 Qxd5 4. d4 Nf6 5. Nf3 Bg4 6. Be2 e6 7. O-O Nc6 8. a3
Be7 9. c4 Qd7 10. dxc5 Bxc5 11. b4 Bb6 12. Bb2 O-O-O 13. c5 Qxd1 14. Rxd1 Rxd1+
15. Bxd1 Bc7 16. Nbd2 Rd8 17. Nc4 Bxf3 18. Bxf3 Nd4 19. Bd1 e5 20. Ba4 Nd5 21.
Re1 f6 22. Bd1 Nf4 23. Bxd4 Rxd4 24. Nb2 a5 25. Bg4+ Kb8 26. Rd1 Rxd1+ 27. Bxd1
axb4 28. axb4 Nd5 29. b5 Nc3 30. b6 Bd8 31. Bc2 Be7 32. Bxh7 Bxc5 33. Nc4 Nd1
34. Kf1 Nxf2 35. Ke2 Ng4 36. h3 Nh6 37. Be4 Ng8 38. Na5 Bxb6 39. Nxb7 f5 40.
Bxf5 Kxb7 41. g4 0-1

[Event "FRA-chT"]
[Site "FRA"]
[Date "1998.04.04"]
[Round "6"]
[White "Borne, Niels"]
[Black "Gouret, Thierry"]
[Result "1/2-1/2"]
[WhiteElo "2305"]
[BlackElo "2275"]
[PlyCount "63"]
[EventDate "1998.02.06"]
[Source "ChesBase"]
[SourceDate "1998.07.07"]

1. d4 e6 2. c4 f5 3. Nf3 Nf6 4. g3 d5 5. Bg2 c6 6. O-O Bd6 7. b3 Qe7 8. a4 O-O
9. Ba3 Bxa3 10. Nxa3 Nbd7 11. Qd3 Ne4 12. Nc2 a5 13. Nd2 b6 14. Nxe4 fxe4 15.
Qc3 Bb7 16. f3 exf3 17. exf3 dxc4 18. bxc4 c5 19. Rae1 cxd4 20. Nxd4 e5 21. Nb5
Qc5+ 22. Qe3 Rae8 23. Qxc5 Nxc5 24. Nd6 Re7 25. Nxb7 Rxb7 26. f4 Re7 27. Bd5+
Kh8 28. fxe5 Rxf1+ 29. Rxf1 g6 30. Rf8+ Kg7 31. Rg8+ Kh6 32. e6 1/2-1/2

[Event "FRA-chT"]
[Site "FRA"]
[Date "1998.04.04"]
[Round "6"]
[White "Boudre, Jean Pierre"]
[Black "Wohlers Armas, Rike"]
[Result "1-0"]
[WhiteElo "2380"]
[BlackElo "2205"]
[PlyCount "94"]
[EventDate "1998.02.06"]
[Source "ChesBase"]
[SourceDate "1998.07.07"]

1. e4 c5 2. Nf3 d6 3. d4 cxd4 4. Nxd4 Nf6 5. Nc3 g6 6. Be3 Bg7 7. f3 Nc6 8. Qd2
O-O 9. Bc4 Bd7 10. O-O-O Qa5 11. h4 Ne5 12. Bb3 Rfc8 13. Kb1 b5 14. Ncxb5 Qxd2
15. Bxd2 Nc4 16. Nc3 Rab8 17. Bxc4 Rxc4 18. Nb3 Be8 19. Rhe1 Nd7 20. Nd5 e6 21.
Ne3 Rc6 22. Bc1 Nb6 23. Rd3 h5 24. Red1 Be5 25. g4 Kf8 26. Rf1 Na4 27. f4 Bf6
28. g5 Bd8 29. f5 Ke7 30. fxe6 fxe6 31. Re1 Kd7 32. e5 Ke7 33. exd6+ Rxd6 34.
Nf5+ gxf5 35. Rxd6 e5 36. Rf6 Bc7 37. Rxf5 Bd7 38. Rf6 Rb4 39. Rf4 Rxf4 40.
Bxf4 Ke6 41. Be3 a6 42. Rf1 Bd8 43. Nd2 Be7 44. c4 Be8 45. Kc2 Bg6+ 46. Kb3 Be8
47. Ne4 Bg6 1-0

[Event "FRA-chT"]
[Site "FRA"]
[Date "1998.04.04"]
[Round "6"]
[White "Bricard, Emmanuel"]
[Black "Komarov, Dimitri"]
[Result "1/2-1/2"]
[WhiteElo "2450"]
[BlackElo "2580"]
[PlyCount "68"]
[EventDate "1998.02.06"]
[Source "ChesBase"]
[SourceDate "1998.07.07"]

1. c4 Nf6 2. Nc3 e5 3. Nf3 Nc6 4. d3 d5 5. cxd5 Nxd5 6. e3 Be6 7. Be2 Be7 8.
O-O O-O 9. a3 f5 10. Qc2 a5 11. Bd2 Nb6 12. b3 Bf6 13. Na4 e4 14. dxe4 fxe4 15.
Qxe4 Bd5 16. Qc2 Bxa1 17. Nxb6 cxb6 18. Rxa1 Qe7 19. Bc3 Rad8 20. Qb2 Rd6 21.
Rd1 Rfd8 22. Rxd5 Rxd5 23. Bc4 b5 24. Bxd5+ Rxd5 25. Bd4 Qe4 26. h3 Rd6 27. Kh2
Rg6 28. Qc1 h6 29. Qf1 Qc2 30. Nh4 Rg5 31. f4 Rh5 32. Qf3 Rxh4 33. Qd5+ Kh8 34.
Kg3 Nxd4 1/2-1/2

[Event "FRA-chT"]
[Site "FRA"]
[Date "1998.04.04"]
[Round "6"]
[White "Conquest, Stuart"]
[Black "Flear, Glenn C"]
[Result "1/2-1/2"]
[WhiteElo "2480"]
[BlackElo "2445"]
[PlyCount "53"]
[EventDate "1998.02.06"]
[Source "ChesBase"]
[SourceDate "1998.07.07"]

1. e4 e5 2. Nf3 Nc6 3. Bb5 a6 4. Ba4 Nf6 5. O-O b5 6. Bb3 Bc5 7. c3 d6 8. a4
Rb8 9. axb5 axb5 10. d4 Bb6 11. Na3 O-O 12. Nxb5 exd4 13. cxd4 Bg4 14. Bc2 Re8
15. h3 Bxf3 16. gxf3 Nh5 17. f4 Qh4 18. Qg4 Qxg4+ 19. hxg4 Nf6 20. Ba4 Re7 21.
Be3 Nxe4 22. Nxd6 Nxd4 23. Nxe4 Rxe4 24. Kg2 g6 25. Rfd1 Ne6 26. Kf3 Rb4 27. b3
1/2-1/2

[Event "FRA-chT"]
[Site "FRA"]
[Date "1998.04.04"]
[Round "6"]
[White "De Sousa, Jose"]
[Black "Neuillet, Alexandre"]
[Result "0-1"]
[WhiteElo "2230"]
[BlackElo "2245"]
[PlyCount "118"]
[EventDate "1998.02.06"]
[Source "ChesBase"]
[SourceDate "1998.07.07"]

1. e4 c5 2. Nf3 d6 3. d4 cxd4 4. Nxd4 Nf6 5. Nc3 a6 6. Be3 e5 7. Nf3 Be6 8. Ng5
b5 9. Nxe6 fxe6 10. Qf3 Be7 11. Qh3 Qd7 12. g4 b4 13. Ne2 d5 14. Ng3 d4 15. Bd2
Qc6 16. g5 Nfd7 17. Be2 g6 18. Bg4 Nc5 19. O-O Nbd7 20. a3 b3 21. Rac1 Rb8 22.
cxb3 Rxb3 23. Rc2 Qb6 24. Bc1 O-O 25. Rc4 Rd8 26. Bd1 a5 27. Bxb3 Qxb3 28. Rxc5
Nxc5 29. Qg4 a4 30. Bd2 Nd3 31. Ne2 Nxb2 32. Rb1 Bxa3 33. Bc1 Re8 34. Qg3 Qd1+
35. Kg2 Qxe2 36. Qxa3 Qxe4+ 37. Kg3 Qxb1 38. Bxb2 e4 39. Qxa4 Qd3+ 40. Kg2 Rb8
41. Qxd4 Qxd4 42. Bxd4 Rb3 43. Be3 e5 44. Bd2 Kf7 45. Bc1 Ke6 46. Bd2 Kd5 47.
Kf1 Kc4 48. Ke2 Rh3 49. Bc1 Rxh2 50. Bd2 Kd4 51. Be3+ Kd5 52. Kd2 Ke6 53. Kc3
Rh1 54. Kc4 Kf5 55. Kd5 Rd1+ 56. Kc6 Kg4 57. Kc5 Kf3 58. Kc4 Rd3 59. Bc5 Rd2
0-1

[Event "FRA-chT"]
[Site "FRA"]
[Date "1998.04.04"]
[Round "6"]
[White "Dezan, Pierre"]
[Black "Delebarre, Xavier"]
[Result "1/2-1/2"]
[WhiteElo "2210"]
[BlackElo "2270"]
[PlyCount "149"]
[EventDate "1998.02.06"]
[Source "ChesBase"]
[SourceDate "1998.07.07"]

1. Nf3 c5 2. c4 Nc6 3. d4 cxd4 4. Nxd4 g6 5. e4 Bg7 6. Be3 Nf6 7. Nc3 Ng4 8.
Qxg4 Nxd4 9. Qd1 Ne6 10. Rc1 Qa5 11. Qd2 g5 12. Be2 h5 13. b3 b6 14. O-O Bb7
15. Rfd1 Bc6 16. Nd5 Qxd2 17. Rxd2 d6 18. b4 Rc8 19. a4 Be5 20. f3 h4 21. Bf1
f6 22. Ra2 Bd4 23. Bxd4 Nxd4 24. Rd1 Ne6 25. a5 Nf8 26. axb6 axb6 27. Nxb6 Rb8
28. Nd5 Bxd5 29. Rxd5 Rxb4 30. Rb5 Rxb5 31. cxb5 Kd8 32. Ra8+ Kc7 33. Ra7+ Kb6
34. Rxe7 Rh7 35. Re8 Nd7 36. Rd8 Kc7 37. Ra8 Kb7 38. Rd8 Kc7 39. Re8 Kb6 40.
Kf2 Rf7 41. Ke3 f5 42. Bc4 Rf6 43. Rg8 fxe4 44. fxe4 Ne5 45. Be2 g4 46. Bxg4
Kxb5 47. Be2+ Kc6 48. Rh8 Rg6 49. Bf3 Kc5 50. Rxh4 Nc4+ 51. Kf2 Ne5 52. Rh8 Kd4
53. Ra8 Nd3+ 54. Kf1 Ke3 55. Ra2 Rg7 56. Re2+ Kf4 57. Bh5 Rb7 58. g3+ Kg5 59.
Be8 Rb1+ 60. Kg2 Ne1+ 61. Kf2 Nd3+ 62. Kf3 Rb8 63. h4+ Kh6 64. Ba4 Ne5+ 65. Kg2
Rb4 66. Bc2 Rb2 67. Bd1 Rb1 68. Ba4 Rb4 69. Be8 Rb8 70. Rd2 Rxe8 71. Rxd6+ Kg7
72. Ra6 Nc4 73. Ra7+ Kg6 74. Ra6+ Kg7 75. Ra7+ 1/2-1/2